[Event "OLNW 1819 HSK Lister Turm - SV Hellern"]
[Site "?"]
[Date "2018.11.25"]
[Round "3.5"]
[White "Weist, Thorben"]
[Black "Hampel, Felix"]
[Result "0-1"]
[WhiteElo "2076"]
[BlackElo "2219"]
[PlyCount "108"]
[EventDate "2018.??.??"]

1. e4 c5 2. Nf3 e6 3. d4 cxd4 4. Nxd4 Nc6 5. Nc3 Qc7 6. Be3 a6 7. Bd3 Nf6 8.
O-O b5 9. a3 Bb7 10. Qe2 Be7 11. f4 d6 12. Rae1 Nxd4 13. Bxd4 e5 14. Be3 O-O
15. Rf3 Ng4 16. Bd2 Qc5+ 17. Kh1 exf4 18. Rxf4 Ne5 19. Be3 Qc8 20. Nd5 Bxd5 21.
exd5 Bg5 22. Rb4 Bxe3 23. Qxe3 Re8 24. Rf1 Qc5 25. Qh3 g6 26. Rh4 Nxd3 27. Qxd3
Re3 28. Qd4 Qxd4 29. Rxd4 Re2 30. Rdf4 Rc8 31. Rxf7 Rcxc2 32. Ra7 Rxg2 33. Re1
Rxh2+ 34. Kg1 Rhg2+ 35. Kh1 Rge2 36. Rxe2 Rxe2 37. Rxa6 Rxb2 38. Rxd6 Rd2 39.
Rd8+ Kg7 40. Rd7+ Kh6 41. d6 Rd3 42. Rb7 Rxd6 43. Rxb5 Rd2 44. a4 g5 45. a5 Ra2
46. Rb6+ Kh5 47. a6 Kh4 48. Rb7 Rxa6 49. Kg2 Ra2+ 50. Kf3 g4+ 51. Kf4 Rf2+ 52.
Ke3 Rf3+ 53. Ke2 h5 54. Rb5 Rf8 0-1

[Event "OLNW 1819 HSK Lister Turm - SV Hellern"]
[Site "?"]
[Date "2018.11.25"]
[Round "3.6"]
[White "Virag, Attila Aba"]
[Black "Lewin, Tammo"]
[Result "1-0"]
[WhiteElo "2259"]
[BlackElo "2078"]
[PlyCount "183"]
[EventDate "2018.??.??"]

1. e4 Nc6 2. d4 d5 3. e5 f6 4. Bf4 fxe5 5. dxe5 e6 6. Bd3 Qe7 7. a3 Qf7 8. Bg3
Nh6 9. Nf3 Nf5 10. O-O Be7 11. c4 O-O 12. Bxf5 Qxf5 13. cxd5 exd5 14. Qxd5+ Be6
15. Qb5 Rab8 16. Nc3 a6 17. Qe2 Qh5 18. Nd4 Qxe2 19. Ncxe2 Nxd4 20. Nxd4 Bd5
21. Rac1 c5 22. Ne2 Rbd8 23. Bf4 Rf5 24. Rfd1 g5 25. Bg3 h5 26. h3 Rff8 27. f3
Bb3 28. Rxd8 Rxd8 29. Be1 Kf7 30. Ng3 Kg6 31. Ne4 Rd1 32. Rxd1 Bxd1 33. Kf2 Kf5
34. Bc3 Bc2 35. g4+ hxg4 36. hxg4+ Ke6 37. Ke3 Kd5 38. Ng3 Bd1 39. Nf5 Bf8 40.
Kf2 Ke6 41. Kg3 Bc2 42. Ne3 Bd3 43. Ng2 Bh6 44. Kf2 Bb5 45. Ke3 Bc6 46. Ne1 Bf8
47. f4 gxf4+ 48. Kxf4 Bh6+ 49. g5 Bf8 50. Nd3 Bb5 51. Nf2 Be8 52. Ba5 b5 53.
Bc7 Bg6 54. Ne4 Kd5 55. Nf6+ Ke6 56. Ne4 Kd5 57. Nd2 c4 58. Ba5 Bc5 59. Bc3 Bg1
60. Nf3 Bf2 61. e6 Kxe6 62. Ne5 Bc2 63. g6 Bc5 64. g7 Bh7 65. Ng4 Bd6+ 66. Kg5
Be7+ 67. Kf4 Bd6+ 68. Kf3 Be7 69. Nh6 Bg5 70. g8=Q+ Bxg8 71. Nxg8 Kf7 72. Kg4
Bd8 73. Nh6+ Ke6 74. Nf5 Kd5 75. Kf3 a5 76. Bg7 Bg5 77. Ne3+ Kc5 78. Ke4 b4 79.
a4 c3 80. b3 Bd8 81. Kd3 Kc6 82. Bf8 Bb6 83. Nc2 Kd5 84. Be7 Bc7 85. Ne3+ Kc6
86. Kc4 Bf4 87. Nc2 Bc7 88. Nd4+ Kb6 89. Bc5+ Ka6 90. Kd5 Bd8 91. Kc6 Bf6 92.
Bb6 1-0

[Event "OLNW 1819 HSK Lister Turm - SV Hellern"]
[Site "?"]
[Date "2018.11.25"]
[Round "3.7"]
[White "zur Lage, Julian"]
[Black "Gentemann, Moritz"]
[Result "1-0"]
[WhiteElo "2119"]
[BlackElo "2195"]
[PlyCount "65"]
[EventDate "2018.??.??"]

1. d4 d5 2. Nf3 Nf6 3. c4 e6 4. g3 dxc4 5. Bg2 a6 6. Ne5 Bb4+ 7. Nc3 Nd5 8. O-O
O-O 9. Qc2 b5 10. Nxd5 exd5 11. b3 c6 12. bxc4 dxc4 13. Be4 Qxd4 14. Bxh7+ Kh8
15. Bf4 Be6 16. Rfd1 Qa7 17. Be4 Bc5 18. e3 Kg8 19. Qe2 Nd7 20. Nxc6 Qb6 21.
Rxd7 Rac8 22. Qh5 f5 23. Rxg7+ Kxg7 24. Qh6+ Kf7 25. Qh5+ Kg7 26. Bh6+ Kf6 27.
Bg5+ Kg7 28. Qh6+ Kf7 29. Qf6+ Kg8 30. Qxe6+ Rf7 31. Qxc8+ Kg7 32. Bd5 Qc7 33.
Qe6 1-0

[Event "OLNW 1819 HSK Lister Turm - SV Hellern"]
[Site "?"]
[Date "2018.11.25"]
[Round "3.8"]
[White "Wolter, Jens"]
[Black "Hart, Martin"]
[Result "1-0"]
[WhiteElo "2147"]
[BlackElo "2085"]
[PlyCount "59"]
[EventDate "2018.??.??"]

1. e4 Nf6 2. e5 Nd5 3. d4 d6 4. c4 Nb6 5. exd6 cxd6 6. Nc3 g6 7. Be3 Bg7 8. Rc1
O-O 9. b3 Nc6 10. d5 Ne5 11. Be2 h5 12. h3 e6 13. dxe6 Bxe6 14. Nf3 Re8 15. O-O
Rc8 16. Nb5 Re7 17. Nxa7 Ra8 18. Nb5 Rxa2 19. c5 Nd5 20. Bg5 f6 21. cxd6 Re8
22. Nxe5 fxg5 23. d7 Bxe5 24. dxe8=Q+ Qxe8 25. Bc4 Qf7 26. Nd4 Qf4 27. Nf3 Nc7
28. Nxe5 Qxe5 29. Qd8+ Kf7 30. Rce1 1-0

[Event "OLNW 1819 MTV Tostedt - SK Nordhorn Bla"]
[Site "?"]
[Date "2018.11.25"]
[Round "3.1"]
[White "Kroeze, Frank"]
[Black "Bokros, Albert"]
[Result "0-1"]
[WhiteElo "2376"]
[BlackElo "2455"]
[PlyCount "80"]
[EventDate "2018.??.??"]

1. e4 c5 2. Nf3 e6 3. Nc3 d6 4. d4 cxd4 5. Nxd4 Nf6 6. g3 Nc6 7. Bg2 Bd7 8. O-O
Be7 9. Kh1 O-O 10. Ndb5 Qb8 11. Bg5 a6 12. Bxf6 Bxf6 13. Nxd6 Rd8 14. f4 Be8
15. e5 Nxe5 16. Nce4 Ng6 17. Nxe8 Rxd1 18. N8xf6+ gxf6 19. Raxd1 f5 20. Ng5 Qc7
21. Rd2 Rd8 22. Rfd1 Rxd2 23. Rxd2 Qa5 24. c3 h6 25. Nh3 b5 26. a3 Qc7 27. Ng1
Qc5 28. Re2 Qd6 29. Bf3 Kg7 30. Kg2 Qd3 31. Kf2 Ne7 32. Re3 Qd2+ 33. Re2 Qd6
34. Bg2 Qc5+ 35. Kf1 Qc4 36. Kf2 Nc8 37. Nf3 Nd6 38. Nd4 Qd3 39. Bc6 Nc4 40.
Bb7 Nxb2 0-1

[Event "OLNW 1819 MTV Tostedt - SK Nordhorn Bla"]
[Site "?"]
[Date "2018.11.25"]
[Round "3.2"]
[White "Varga, Zoltan"]
[Black "Elgersma, Simon"]
[Result "1-0"]
[WhiteElo "2444"]
[BlackElo "2186"]
[PlyCount "57"]
[EventDate "2018.??.??"]

1. d4 Nf6 2. c4 g6 3. Nc3 Bg7 4. e4 d6 5. f3 O-O 6. Be3 Nbd7 7. Nh3 c6 8. Nf2
a6 9. a4 a5 10. Be2 e5 11. d5 c5 12. g4 Ne8 13. Qd2 Bf6 14. g5 Be7 15. Ng4 Ng7
16. f4 f5 17. Nh6+ Kh8 18. h4 exf4 19. Bxf4 Ne5 20. O-O-O Ng4 21. Bxg4 fxg4 22.
Rdf1 Bd7 23. e5 Nf5 24. exd6 Bxd6 25. Bxd6 Nxd6 26. Qe3 Qe8 27. Rxf8+ Qxf8 28.
Qe5+ Qg7 29. Qxd6 1-0

[Event "OLNW 1819 MTV Tostedt - SK Nordhorn Bla"]
[Site "?"]
[Date "2018.11.25"]
[Round "3.3"]
[White "Bertholee, Rob"]
[Black "Szeberenyi, Adam"]
[Result "0-1"]
[WhiteElo "2318"]
[BlackElo "2377"]
[PlyCount "100"]
[EventDate "2018.??.??"]

1. e4 c5 2. Nc3 Nc6 3. Bb5 Nd4 4. Bc4 e6 5. Nf3 Ne7 6. Nxd4 cxd4 7. Nb5 Nc6 8.
c3 Be7 9. Nxd4 Nxd4 10. cxd4 d5 11. exd5 exd5 12. Bb5+ Bd7 13. Qa4 a6 14. Bxd7+
Qxd7 15. Qxd7+ Kxd7 16. d3 Rac8 17. Kd1 Rc6 18. Re1 Bf6 19. Be3 Rhc8 20. Re2 b5
21. a3 h5 22. h3 g6 23. Rc1 Rxc1+ 24. Bxc1 Bxd4 25. Bg5 Re8 26. Be3 Bxe3 27.
fxe3 Kd6 28. Kd2 d4 29. e4 Ke5 30. Rf2 f6 31. h4 Rg8 32. Ke2 f5 33. exf5 gxf5
34. Kf3 f4 35. Re2+ Kf5 36. Kf2 Rg3 37. Re8 Rxd3 38. Rg8 Rb3 39. Rg5+ Ke4 40.
Rxh5 Rxb2+ 41. Kf1 d3 42. Ke1 Rxg2 43. Rh6 f3 44. Re6+ Kf5 45. Rd6 Re2+ 46. Kf1
d2 47. Rd5+ Kf4 48. Rd4+ Ke3 49. Re4+ Kxe4 50. h5 d1=Q# 0-1

[Event "OLNW 1819 MTV Tostedt - SK Nordhorn Bla"]
[Site "?"]
[Date "2018.11.25"]
[Round "3.4"]
[White "Nedic, Dusan"]
[Black "Oehne, Timo"]
[Result "1-0"]
[WhiteElo "2289"]
[BlackElo "2118"]
[PlyCount "109"]
[EventDate "2018.??.??"]

1. d4 Nf6 2. c4 g6 3. g3 Bg7 4. Bg2 O-O 5. Nc3 c6 6. e4 d6 7. Nf3 Bg4 8. h3
Bxf3 9. Bxf3 Nbd7 10. O-O Qc7 11. Be3 Rfe8 12. Bg2 e5 13. d5 a6 14. Qe2 Rab8
15. Rfc1 c5 16. a3 Rec8 17. Rab1 Qa5 18. Bd2 Qc7 19. Bf1 b6 20. b4 Ne8 21. h4
Rd8 22. Na4 Nef6 23. f3 Nh5 24. Kh2 Rf8 25. Bh3 Nhf6 26. Nb2 Rfe8 27. Nd3 Bf8
28. Qd1 Qa7 29. Be3 Red8 30. bxc5 dxc5 31. a4 a5 32. Qb3 Qc7 33. Qb5 Kg7 34.
Qc6 Bd6 35. Qxc7 Bxc7 36. Bd2 Re8 37. Bc3 Rbd8 38. g4 h6 39. g5 hxg5 40. hxg5
Nh5 41. Bxd7 Rxd7 42. f4 f6 43. gxf6+ Nxf6 44. Kg2 Nxe4 45. Bxe5+ Bxe5 46. fxe5
Nd2 47. Rxb6 Nxc4 48. Rxc4 Rxd5 49. Rb7+ Kh6 50. Nf2 Kg5 51. Ne4+ Kh6 52. Nf6
Rd2+ 53. Kf3 Re6 54. Rh7+ Kg5 55. Ne4+ 1-0

[Event "OLNW 1819 MTV Tostedt - SK Nordhorn Bla"]
[Site "?"]
[Date "2018.11.25"]
[Round "3.5"]
[White "Baisakow, Alexander"]
[Black "Hoegy, Kevin"]
[Result "0-1"]
[WhiteElo "2213"]
[BlackElo "2268"]
[PlyCount "56"]
[EventDate "2018.??.??"]

1. e4 e5 2. Nf3 Nc6 3. Bc4 Bc5 4. b4 Bxb4 5. c3 Bc5 6. O-O d6 7. d4 exd4 8.
cxd4 Bb6 9. h3 Na5 10. Bd3 Ne7 11. Bg5 O-O 12. Nc3 f6 13. Bh4 c5 14. e5 c4 15.
exf6 gxf6 16. Bc2 d5 17. Nh2 Bf5 18. Bxf5 Nxf5 19. Qg4+ Ng7 20. Rad1 Nc6 21.
Rfe1 Ba5 22. Re3 Bxc3 23. Rxc3 Ne7 24. Rg3 Ng6 25. f4 Qc8 26. Nf3 Qxg4 27. Rxg4
Nf5 28. Bf2 Kf7 0-1

[Event "OLNW 1819 MTV Tostedt - SK Nordhorn Bla"]
[Site "?"]
[Date "2018.11.25"]
[Round "3.6"]
[White "Haerig, Wilfried"]
[Black "Hoellmann, Ludger"]
[Result "0-1"]
[WhiteElo "2079"]
[BlackElo "2144"]
[PlyCount "62"]
[EventDate "2018.??.??"]

1. e4 e5 2. Nf3 Nc6 3. Bc4 Nf6 4. d3 Be7 5. c3 O-O 6. O-O d6 7. h3 Na5 8. Bb5
a6 9. Ba4 c5 10. Nbd2 b5 11. Bc2 Nc6 12. Re1 Re8 13. Nf1 h6 14. Ng3 Be6 15. Nh2
d5 16. Qf3 Qd7 17. Nf5 Bxf5 18. exf5 c4 19. Qg3 cxd3 20. Bxd3 Kh8 21. Ng4 e4
22. Be2 Qxf5 23. Nxf6 Qxf6 24. Bf4 Bc5 25. b4 Bb6 26. a4 bxa4 27. b5 axb5 28.
Bxb5 a3 29. Bd6 Bxf2+ 30. Qxf2 Qxd6 31. Qxf7 Qc5+ 0-1

[Event "OLNW 1819 MTV Tostedt - SK Nordhorn Bla"]
[Site "?"]
[Date "2018.11.25"]
[Round "3.7"]
[White "Bierenbroodspot, Paul"]
[Black "Krueger, Robin Kevin"]
[Result "1/2-1/2"]
[WhiteElo "2099"]
[BlackElo "1965"]
[PlyCount "55"]
[EventDate "2018.??.??"]

1. e4 e5 2. Nf3 Nc6 3. Bb5 Nge7 4. c3 a6 5. Ba4 g6 6. d4 exd4 7. cxd4 Bg7 8. d5
Na5 9. Nc3 b5 10. Bc2 d6 11. O-O O-O 12. Rb1 Re8 13. Nd4 c5 14. dxc6 Naxc6 15.
Be3 Bb7 16. Qd2 Nxd4 17. Bxd4 Bxd4 18. Qxd4 d5 19. Rbd1 dxe4 20. Qc5 Qc8 21.
Qxc8 Raxc8 22. Bxe4 Rxc3 23. Bxb7 Rc2 24. Rfe1 Kf8 25. Bxa6 Rxb2 26. Rb1 Rxb1
27. Rxb1 Ra8 28. Bxb5 1/2-1/2

[Event "OLNW 1819 MTV Tostedt - SK Nordhorn Bla"]
[Site "?"]
[Date "2018.11.25"]
[Round "3.8"]
[White "Ditze, Thomas"]
[Black "Elgersma, Onno"]
[Result "0-1"]
[WhiteElo "1919"]
[BlackElo "2190"]
[PlyCount "64"]
[EventDate "2018.??.??"]

1. d4 Nf6 2. Nf3 e6 3. Bf4 c5 4. c3 Nc6 5. e3 d5 6. Nbd2 cxd4 7. exd4 Nh5 8.
Bg5 f6 9. Ne5 g6 10. Nxc6 bxc6 11. Bh4 Bd6 12. Be2 Nf4 13. O-O Kf7 14. Re1 h5
15. Bf1 g5 16. Bg3 h4 17. Bxf4 Bxf4 18. Bd3 Rb8 19. b4 Kg7 20. Nb3 Qd6 21. h3
e5 22. dxe5 fxe5 23. Be2 Bf5 24. Bg4 Bg6 25. Qe2 Rhf8 26. Nc5 Rbe8 27. Rad1 e4
28. a3 Rf7 29. Nd3 Bh2+ 30. Kh1 Ree7 31. Nc5 Be5 32. Qd2 Qf6 0-1

[Event "OLNW 1819 Hamelner SV - SK Nordhorn Bla"]
[Site "?"]
[Date "2018.12.16"]
[Round "4.1"]
[White "Kroeze, Frank"]
[Black "Bode, Wilfried"]
[Result "1-0"]
[WhiteElo "2376"]
[BlackElo "2344"]
[PlyCount "121"]
[EventDate "2018.??.??"]

1. e4 c5 2. Nf3 Nc6 3. d4 cxd4 4. Nxd4 g6 5. c4 Bg7 6. Be3 Nf6 7. Nc3 O-O 8.
Be2 d6 9. O-O Bd7 10. Qd2 Nxd4 11. Bxd4 Bc6 12. f3 a5 13. b3 Nd7 14. Be3 Nc5
15. Rab1 e6 16. Rfc1 Be5 17. Bf1 Qe7 18. Rc2 f5 19. exf5 gxf5 20. Ne2 Kh8 21.
Nf4 Rg8 22. Qf2 Raf8 23. a3 Nd7 24. b4 b6 25. Kh1 axb4 26. axb4 Rb8 27. Ra2 Ra8
28. Rxa8 Bxa8 29. Re1 Qf6 30. Nd3 f4 31. Bc1 Bd4 32. Qxd4 Qxd4 33. Bb2 Qxb2 34.
Nxb2 e5 35. Bd3 Nf6 36. Na4 Rb8 37. Nc3 Kg8 38. Ra1 Bc6 39. Kg1 Kf8 40. Ra7 Rb7
41. Ra6 Ke7 42. b5 Be8 43. Na4 Bg6 44. Bxg6 hxg6 45. Nxb6 Rc7 46. Kf1 Ke6 47.
Ke2 e4 48. fxe4 Nxe4 49. Ra8 Ke5 50. Re8+ Kd4 51. Kf3 Nd2+ 52. Kxf4 Rf7+ 53.
Kg5 Rf2 54. g4 Rxh2 55. Kxg6 Rg2 56. Kf5 Rf2+ 57. Ke6 Rg2 58. Rg8 Ne4 59. Nc8
Nc5+ 60. Kxd6 Kxc4 61. Kc6 1-0

[Event "OLNW 1819 Hamelner SV - SK Nordhorn Bla"]
[Site "?"]
[Date "2018.12.16"]
[Round "4.2"]
[White "Tonndorf, Matthias"]
[Black "Ten Vergert, Paul"]
[Result "1/2-1/2"]
[WhiteElo "2188"]
[BlackElo "2212"]
[PlyCount "76"]
[EventDate "2018.??.??"]

1. e4 c5 2. Nf3 Nc6 3. Bb5 g6 4. O-O Bg7 5. Re1 Nf6 6. c3 O-O 7. a4 d6 8. Na3
Bg4 9. h3 Bxf3 10. Qxf3 Ne5 11. Qe3 a6 12. Bf1 Rc8 13. d3 Nc6 14. Qe2 Na5 15.
Bf4 e5 16. Bh2 Qd7 17. Nc4 Nxc4 18. dxc4 Nh5 19. Qd2 Rcd8 20. Be2 Nf6 21. Qc2
Qc6 22. Bf3 Ne8 23. a5 Nc7 24. Rab1 Ne6 25. Bd1 Bh6 26. Qa4 Qc7 27. Bc2 Qc8 28.
Rbd1 Bf4 29. Rd3 Bxh2+ 30. Kxh2 Nf4 31. Rd2 g5 32. Red1 Qe6 33. b4 Qxc4 34.
bxc5 Qxc5 35. Qb4 Ne6 36. Bb3 Qxb4 37. cxb4 Nd4 38. Bd5 Rd7 1/2-1/2

[Event "OLNW 1819 Hamelner SV - SK Nordhorn Bla"]
[Site "?"]
[Date "2018.12.16"]
[Round "4.3"]
[White "Lambrechts, Koen"]
[Black "van Son, Lutz"]
[Result "1-0"]
[WhiteElo "2293"]
[BlackElo "2169"]
[PlyCount "73"]
[EventDate "2018.??.??"]

1. g3 d5 2. Bg2 c6 3. Nf3 Bg4 4. h3 Bh5 5. d3 Nd7 6. Bf4 f6 7. d4 Qb6 8. Nbd2
g5 9. Be3 Qxb2 10. Rb1 Qxa2 11. Rxb7 Qa6 12. Rb2 Nb6 13. O-O e6 14. Qa1 Qc8 15.
c4 dxc4 16. Rc1 Ne7 17. Nxc4 Ned5 18. Bd2 Be7 19. Na5 O-O 20. Nxc6 Qd7 21. e4
Nc7 22. Nxe7+ Qxe7 23. Bb4 Qd7 24. Bxf8 Kxf8 25. Rd2 Ne8 26. d5 e5 27. Rc6 Rb8
28. Nxe5 fxe5 29. Qxe5 Rb7 30. Qh8+ Kf7 31. e5 Qf5 32. e6+ Ke7 33. d6+ Kd8 34.
d7 Nxd7 35. Rcd6 Rb1+ 36. Kh2 Ke7 37. exd7 1-0

[Event "OLNW 1819 Hamelner SV - SK Nordhorn Bla"]
[Site "?"]
[Date "2018.12.16"]
[Round "4.4"]
[White "Renner, Kai"]
[Black "Elgersma, Simon"]
[Result "0-1"]
[WhiteElo "2187"]
[BlackElo "2200"]
[PlyCount "108"]
[EventDate "2018.??.??"]

1. e4 e6 2. d4 d5 3. Nd2 Be7 4. Bd3 c5 5. dxc5 Nf6 6. Qe2 a5 7. Ngf3 Na6 8. O-O
Nxc5 9. e5 Nxd3 10. cxd3 Nd7 11. Nb3 a4 12. Nbd4 Nc5 13. Bd2 Qb6 14. Bc3 Bd7
15. a3 O-O 16. Rac1 Rfc8 17. Rfd1 Rc7 18. g3 Rac8 19. Kg2 Nb3 20. Nxb3 axb3 21.
Qd2 Qa6 22. d4 Rc4 23. Ne1 Qc6 24. Ra1 f6 25. Nd3 Be8 26. Re1 Bg6 27. exf6 Bxf6
28. Ne5 Bxe5 29. Rxe5 Rxc3 30. bxc3 Qxc3 31. Qxc3 Rxc3 32. Ree1 b2 33. Rab1
Bxb1 34. Rxb1 Rc2 35. Kf3 Kf7 36. h4 Ke7 37. Ke3 Kd6 38. f3 Kc6 39. Kd3 Rg2 40.
Kc3 Rxg3 41. Rxb2 Rxf3+ 42. Kb4 Rd3 43. Rc2+ Kd7 44. Rg2 Kc6 45. Rg4 h5 46. Rf4
Rg3 47. Rf7 Rd3 48. Rf4 b5 49. a4 bxa4 50. Kxa4 Rg3 51. Rf8 Rg4 52. Re8 Kd7 53.
Rg8 Rxd4+ 54. Kb5 Rxh4 0-1

[Event "OLNW 1819 Hamelner SV - SK Nordhorn Bla"]
[Site "?"]
[Date "2018.12.16"]
[Round "4.5"]
[White "Oehne, Timo"]
[Black "David, Adrian"]
[Result "1/2-1/2"]
[WhiteElo "2085"]
[BlackElo "2235"]
[PlyCount "46"]
[EventDate "2018.??.??"]

1. e4 c5 2. Nc3 Nc6 3. g4 g6 4. Bg2 Bg7 5. d3 d6 6. h3 b6 7. Nge2 Bb7 8. Be3
Qd7 9. Qd2 e6 10. O-O-O Nd4 11. Ng3 Ne7 12. Nce2 Nec6 13. c3 Nxe2+ 14. Nxe2
O-O-O 15. Bg5 f6 16. Bh6 Bxh6 17. Qxh6 Kb8 18. Rhe1 e5 19. Qe3 Rhe8 20. Ng3 Bc8
21. Kb1 Qf7 22. f4 Be6 23. c4 Bc8 1/2-1/2

[Event "OLNW 1819 Hamelner SV - SK Nordhorn Bla"]
[Site "?"]
[Date "2018.12.16"]
[Round "4.6"]
[White "Gerstmann, Frank"]
[Black "Baisakow, Alexander"]
[Result "0-1"]
[WhiteElo "2141"]
[BlackElo "2205"]
[PlyCount "148"]
[EventDate "2018.??.??"]

1. e4 c5 2. Nf3 d6 3. d4 cxd4 4. Nxd4 Nf6 5. Nc3 a6 6. Be3 e5 7. Nb3 Be6 8. Qd2
Nbd7 9. f3 b5 10. O-O-O Nb6 11. Qf2 Nfd7 12. f4 Be7 13. f5 Bc4 14. Qg3 Bxf1 15.
Rhxf1 Nc4 16. Bg1 O-O 17. Nd5 Nf6 18. Nxf6+ Bxf6 19. Rd5 Rc8 20. Rfd1 Qc7 21.
Qd3 Rfd8 22. Kb1 Bg5 23. g3 g6 24. h4 Be7 25. Rf1 Bf8 26. g4 Nb6 27. Bxb6 Qxb6
28. f6 Rc6 29. a3 Rdc8 30. c3 Rc4 31. Nd2 R4c5 32. g5 a5 33. Rxc5 dxc5 34. c4
Rd8 35. Qe2 b4 36. a4 b3 37. Rf3 Qb4 38. Nxb3 Qxa4 39. h5 Qd7 40. hxg6 hxg6 41.
Nxa5 Qg4 42. Nc6 Re8 43. Qd3 Qxg5 44. Rf1 Re6 45. Ne7+ Bxe7 46. fxe7 Qxe7 47.
Qh3 Rd6 48. Qc8+ Rd8 49. Qc6 Qd7 50. Qd5 Qxd5 51. cxd5 Rb8 52. Rc1 Rb4 53. Rxc5
Rxe4 54. d6 Rd4 55. Rxe5 Rxd6 56. Kc2 f5 57. b4 Kf7 58. b5 Kf6 59. Re1 Rb6 60.
Rb1 Ke5 61. Kc3 f4 62. Kc4 g5 63. Re1+ Kf5 64. Kc5 Rb8 65. Re7 Kg4 66. b6 f3
67. Kc6 f2 68. Rf7 Kg3 69. Kc7 Rxb6 70. Kxb6 g4 71. Kc5 Kg2 72. Kd4 f1=Q 73.
Rxf1 Kxf1 74. Ke3 g3 0-1

[Event "OLNW 1819 Hamelner SV - SK Nordhorn Bla"]
[Site "?"]
[Date "2018.12.16"]
[Round "4.7"]
[White "Hoellmann, Ludger"]
[Black "Koch, Yannick"]
[Result "0-1"]
[WhiteElo "2130"]
[BlackElo "2078"]
[PlyCount "62"]
[EventDate "2018.??.??"]

1. Nf3 Nf6 2. c4 b6 3. g3 Bb7 4. Bg2 e6 5. O-O Be7 6. Nc3 O-O 7. d4 Ne4 8. Bd2
Nxd2 9. Qxd2 c5 10. d5 d6 11. dxe6 fxe6 12. Qe3 Rf6 13. Bh3 e5 14. Ng5 Qe8 15.
Be6+ Kh8 16. Bd5 Nc6 17. Qe4 g6 18. Qg2 Rf5 19. Nge4 Rc8 20. Rad1 Rd8 21. e3
Rh5 22. h4 g5 23. hxg5 Bc8 24. Qf3 Rh3 25. Nf6 Qg6 26. Bxc6 Qxg5 27. Ncd5 Rf8
28. Nxe7 Rxf6 29. Qe4 Bg4 30. Nd5 Bf3 31. Nxf6 Rh1# 0-1

[Event "OLNW 1819 Hamelner SV - SK Nordhorn Bla"]
[Site "?"]
[Date "2018.12.16"]
[Round "4.8"]
[White "Brunotte, Peter"]
[Black "Bierenbroodspot, Paul"]
[Result "1/2-1/2"]
[WhiteElo "2009"]
[BlackElo "2092"]
[PlyCount "141"]
[EventDate "2018.??.??"]

1. e4 d5 2. exd5 Nf6 3. d4 Bg4 4. Be2 Bxe2 5. Nxe2 Qxd5 6. O-O Nc6 7. c3 O-O-O
8. Qb3 e6 9. Qxd5 exd5 10. Bg5 Re8 11. Ng3 Ne4 12. Nxe4 dxe4 13. f3 h6 14. Be3
g5 15. fxe4 Rxe4 16. Re1 f5 17. Nd2 Re8 18. Bf2 Bg7 19. Rxe8+ Rxe8 20. Re1
Rxe1+ 21. Bxe1 Ne7 22. Nb3 b6 23. Bd2 a5 24. Kf2 Nd5 25. Ke2 Kd7 26. Nc1 Ke6
27. Nd3 f4 28. c4 Nf6 29. d5+ Kf5 30. Bc3 Bf8 31. b3 Ne4 32. Bb2 h5 33. a3 g4
34. b4 f3+ 35. gxf3 gxf3+ 36. Kxf3 Nd2+ 37. Ke2 Nxc4 38. Bc3 a4 39. Nb2 Nxb2
40. Bxb2 Bd6 41. h3 Kf4 42. Kd3 Be5 43. Bc1+ Kg3 44. Ke4 Bd6 45. Bb2 Kxh3 46.
Kf3 h4 47. Bf6 Bg3 48. Bc3 Kh2 49. Bd4 Bd6 50. Bf2 h3 51. Bd4 b5 52. Kf2 Bf4
53. Bb2 Kh1 54. Kf1 Bh2 55. Bd4 Bg3 56. Bb2 Bf4 57. Kf2 Kh2 58. Bd4 Bc1 59.
Be5+ Kh1 60. Bxc7 Bxa3 61. d6 Bxb4 62. d7 Be7 63. d8=Q Bxd8 64. Bxd8 a3 65. Be7
a2 66. Bf6 b4 67. Bb2 b3 68. Be5 h2 69. Bb2 a1=R 70. Bxa1 b2 71. Bxb2 1/2-1/2

[Event "OLNW 1819 SV Hellern - MTV Tostedt"]
[Site "?"]
[Date "2018.12.16"]
[Round "4.1"]
[White "Bokros, Albert"]
[Black "Lingnau, Carsten"]
[Result "1/2-1/2"]
[WhiteElo "2454"]
[BlackElo "2419"]
[PlyCount "43"]
[EventDate "2018.??.??"]

1. e4 c6 2. d4 d5 3. Nc3 dxe4 4. Nxe4 Bf5 5. Ng3 Bg6 6. Nh3 Nf6 7. Bc4 e6 8.
O-O Bd6 9. f4 Qc7 10. Kh1 O-O 11. f5 exf5 12. Nxf5 Nbd7 13. Nxd6 Qxd6 14. Bf4
Qb4 15. Bb3 Rfe8 16. c3 Qb6 17. Bg5 a5 18. Bf4 a4 19. Bxa4 Qxb2 20. Qb3 Qxb3
21. Bxb3 Be4 22. Kg1 {(=)} 1/2-1/2

[Event "OLNW 1819 SV Hellern - MTV Tostedt"]
[Site "?"]
[Date "2018.12.16"]
[Round "4.2"]
[White "Boettcher, Christian"]
[Black "Varga, Zoltan"]
[Result "1/2-1/2"]
[WhiteElo "2178"]
[BlackElo "2440"]
[PlyCount "55"]
[EventDate "2018.??.??"]

1. Nf3 d5 2. g3 c6 3. Bg2 Nf6 4. d3 Bg4 5. Nbd2 Nbd7 6. O-O e5 7. e4 dxe4 8.
dxe4 Bc5 9. Qe2 O-O 10. h3 Bh5 11. Nb3 Bb6 12. Be3 Bxe3 13. Qxe3 Qb6 14. Rfe1
Bxf3 15. Bxf3 Rfd8 16. Qc3 a5 17. a4 h5 18. Re3 Qb4 19. Rd1 Qxa4 20. Ra1 Qb4
21. Rxa5 Qxc3 22. Rxc3 Nb6 23. Rxa8 Rxa8 24. Nc5 Ra1+ 25. Kg2 Na4 26. Nxa4 Rxa4
27. Rb3 Ra7 28. Be2 1/2-1/2

[Event "OLNW 1819 SV Hellern - MTV Tostedt"]
[Site "?"]
[Date "2018.12.16"]
[Round "4.3"]
[White "Szeberenyi, Adam"]
[Black "Stock, Joerg"]
[Result "1-0"]
[WhiteElo "2391"]
[BlackElo "2201"]
[PlyCount "63"]
[EventDate "2018.??.??"]

1. d4 Nf6 2. c4 e6 3. Nf3 d5 4. Nc3 dxc4 5. Qa4+ c6 6. Qxc4 b5 7. Qd3 Bb7 8. e4
b4 9. Na4 Qa5 10. b3 Ba6 11. Qc2 Bxf1 12. Kxf1 Qb5+ 13. Kg1 Nbd7 14. h4 c5 15.
Bb2 Be7 16. dxc5 Bxc5 17. Nxc5 Qxc5 18. Qxc5 Nxc5 19. Bxf6 gxf6 20. e5 Ke7 21.
exf6+ Kxf6 22. Rh3 Ke7 23. Ne5 Rac8 24. a3 Kf6 25. axb4 Kxe5 26. bxc5 Rxc5 27.
Re3+ Kf5 28. Rxa7 f6 29. Rf3+ Kg6 30. Rg3+ Kf5 31. Rf7 Rhc8 32. Rf3+ 1-0

[Event "OLNW 1819 SV Hellern - MTV Tostedt"]
[Site "?"]
[Date "2018.12.16"]
[Round "4.4"]
[White "Happe, Reinhold"]
[Black "Nedic, Dusan"]
[Result "0-1"]
[WhiteElo "2119"]
[BlackElo "2281"]
[PlyCount "98"]
[EventDate "2018.??.??"]

1. c4 Nf6 2. Nc3 e5 3. Nf3 Nc6 4. d4 exd4 5. Nxd4 Bc5 6. Nxc6 bxc6 7. g3 Ng4 8.
e3 h5 9. h3 Ne5 10. f4 Ng6 11. Bg2 Qe7 12. Qd3 h4 13. Ne4 hxg3 14. O-O Nh4 15.
Nxc5 Nxg2 16. Kxg2 Qxc5 17. Rf3 Qh5 18. Rxg3 d5 19. e4 dxe4 20. Qxe4+ Kf8 21.
Qf3 Qxf3+ 22. Rxf3 Bf5 23. Rg3 Re8 24. Be3 a6 25. Re1 Be4+ 26. Kf2 f6 27. Bc5+
Kf7 28. Ra3 f5 29. Bd4 Rh4 30. Be5 g5 31. Bxc7 gxf4 32. Rb3 Rg8 33. Rg1 Rxg1
34. Kxg1 f3 35. Bg3 Rxh3 36. Kf2 Rh1 37. Rb7+ Ke6 38. Rb8 Rc1 39. Rd8 Rc2+ 40.
Kf1 Rxb2 41. a3 Ra2 42. Rd6+ Kf7 43. Rd7+ Kf8 44. Rd1 Rxa3 45. Be5 Ra2 46. c5
Bd5 47. Re1 a5 48. Bd4 a4 49. Bf2 a3 0-1

[Event "OLNW 1819 SV Hellern - MTV Tostedt"]
[Site "?"]
[Date "2018.12.16"]
[Round "4.5"]
[White "Hoegy, Kevin"]
[Black "Weist, Thorben"]
[Result "1/2-1/2"]
[WhiteElo "2281"]
[BlackElo "2062"]
[PlyCount "134"]
[EventDate "2018.??.??"]

1. Nf3 c5 2. b3 Nc6 3. Bb2 d5 4. e3 Nf6 5. Bb5 Bd7 6. O-O g6 7. d3 Bg7 8. Nbd2
O-O 9. Bxc6 Bxc6 10. Ne5 Be8 11. f4 Nd7 12. Nxd7 Bxd7 13. Bxg7 Kxg7 14. Qc1 Qc7
15. Qb2+ f6 16. e4 d4 17. Rf2 e5 18. Raf1 Rae8 19. a4 a6 20. Qa1 b6 21. fxe5
Rxe5 22. c3 Rh5 23. Nf3 dxc3 24. Qxc3 Bg4 25. h3 Bxf3 26. Rxf3 Qe5 27. Qxe5
Rxe5 28. g4 h5 29. Kg2 hxg4 30. hxg4 Rg5 31. Kg3 f5 32. exf5 gxf5 33. Rxf5
Rgxf5 34. Rxf5 Rd8 35. Rf3 Rd4 36. Kh4 Rb4 37. Kg5 Rxb3 38. Rf6 Rb4 39. Rg6+
Kf7 40. Rf6+ Kg7 41. a5 bxa5 42. Rxa6 Rd4 43. Rxa5 Kg8 44. Ra8+ Kg7 45. Ra7+
Kg8 46. Ra5 Rxd3 47. Rxc5 Rd6 48. Rc7 Ra6 49. Rb7 Rc6 50. Ra7 Rb6 51. Kh5 Rb5+
52. Kh6 Rb6+ 53. Kh5 Rb5+ 54. g5 Rb6 55. Re7 Rc6 56. Kg4 Rc5 57. Re6 Kg7 58.
Ra6 Rc1 59. Ra7+ Kg6 60. Ra6+ Kg7 61. g6 Rg1+ 62. Kf5 Rf1+ 63. Kg5 Rg1+ 64. Kf5
Rf1+ 65. Ke5 Rg1 66. Ke4 Rxg6 67. Rxg6+ Kxg6 1/2-1/2